[Event "Bogota El Tablazo Blitz op"]
[Site "Bogota"]
[Date "2021.11.07"]
[Round "5"]
[White "Garcia, Leonardo"]
[Black "Leal Cortes, Diego Fernando"]
[Result "1-0"]
[WhiteElo "2080"]
[BlackElo "1888"]
[PlyCount "77"]
[EventDate "2021.11.07"]
[EventType "swiss"]
[EventRounds "14"]
[EventCountry "COL"]
[SourceTitle "CBM 205 Extra"]
[Source "ChessBase"]
[SourceDate "2022.01.31"]
[SourceVersion "1"]
[SourceVersionDate "2022.01.31"]
[SourceQuality "1"]

1. e4 c6 2. Ne2 d5 3. e5 Bf5 4. Ng3 Bg6 5. h4 h5 6. e6 Qd6 7. exf7+ Bxf7 8. d4 Nf6 9. Bd3 Nbd7 10. f4 0-0-0 11. 0-0 Ng4 12. Qe1 e6 13. Nd2 Qc7 14. Nf3 Bd6 15. Ne5 Bxe5 16. fxe5 Rdf8 17. c3 Qd8 18. Bg5 Qe8 19. b4 Bg6 20. Be2 Rxf1+ 21. Nxf1 Rf8 22. b5 c5 23. Ng3 Bf5 24. Qd2 g6 25. Bf3 c4 26. a4 Rf7 27. Qb2 Nb8 28. a5 Qf8 29. Rf1 Bd3 30. Re1 Rxf3 31. gxf3 Qxf3 32. Qg2 Qf7 33. Ne2 Nd7 34. Nf4 Be4 35. Rxe4 dxe4 36. Qxe4 Qf5 37. Qxf5 exf5 38. e6 Nf8 39. e7 1-0

[Event "Bogota McGregor op 2nd"]
[Site "Bogota"]
[Date "2011.12.11"]
[Round "9"]
[White "Cruz Cruz, Samuel"]
[Black "Garcia, Leonardo"]
[Result "0-1"]
[WhiteElo "1968"]
[BlackElo "2017"]
[PlyCount "90"]
[EventDate "2011.12.06"]
[EventType "swiss"]
[EventRounds "10"]
[EventCountry "COL"]
[SourceTitle "CBM 145 Extra"]
[Source "ChessBase"]
[SourceDate "2012.01.03"]
[SourceVersion "1"]
[SourceVersionDate "2012.01.03"]
[SourceQuality "1"]

1. e4 e5 2. Nf3 f5 3. Nxe5 Qf6 4. Nc4 fxe4 5. Nc3 Qe6 6. d3 exd3+ 7. Ne3 dxc2 8. Qxc2 c6 9. Bc4 d5 10. Bb3 Bd6 11. 0-0 Ne7 12. Bd2 Qg6 13. Qd1 0-0 14. Ne2 Nd7 15. Bc2 Qh5 16. g3 Ne5 17. Nd4 Ng4 18. Nxg4 Bxg4 19. f3 Bh3 20. Rf2 a6 21. Qe2 Rae8 22. Qd3 c5 23. g4 Bxg4 24. fxg4 Qxg4+ 25. Rg2 Qxd4+ 26. Qxd4 cxd4 27. Bb3 Rf5 28. Re1 Rd8 29. Bg5 Rd7 30. Bc2 Re5 31. Rf1 Nc6 32. Bf4 Ree7 33. Bg5 Re5 34. Bf4 Re4 35. Bxe4 dxe4 36. Bxd6 Rxd6 37. Rgf2 h6 38. Rf8+ Kh7 39. R8f7 d3 40. Kf2 Ne5 41. Rf4 Rf6 42. Ke3 Nc4+ 43. Kd4 Rxf4 44. Rxf4 d2 45. Rf1 Nxb2 0-1

[Event "Bogota McGregor op 2nd"]
[Site "Bogota"]
[Date "2011.12.10"]
[Round "8"]
[White "Garcia, Leonardo"]
[Black "Guarin, Holmes"]
[Result "1-0"]
[WhiteElo "2017"]
[BlackElo "1896"]
[PlyCount "69"]
[EventDate "2011.12.06"]
[EventType "swiss"]
[EventRounds "10"]
[EventCountry "COL"]
[SourceTitle "CBM 145 Extra"]
[Source "ChessBase"]
[SourceDate "2012.01.03"]
[SourceVersion "1"]
[SourceVersionDate "2012.01.03"]
[SourceQuality "1"]

1. e4 e5 2. Nf3 d6 3. d4 Nd7 4. Bc4 c6 5. h3 Be7 6. 0-0 Ngf6 7. a4 0-0 8. Nc3 Qc7 9. Be3 h6 10. Bb3 Rd8 11. Qe2 Nf8 12. Qc4 Be6 13. d5 Bc8 14. dxc6 Be6 15. Nd5 Nxd5 16. exd5 Bf5 17. cxb7 Qxb7 18. Ne1 Rdc8 19. Qe2 Rc7 20. a5 Rac8 21. a6 Qb8 22. Qd2 Nd7 23. Ra4 Nc5 24. Bxc5 Rxc5 25. Nd3 Rb5 26. Rfa1 Bd7 27. R4a3 Kf8 28. Ba4 Bg5 29. Qe2 Qc7 30. Bxb5 Bxb5 31. Rc3 Qd8 32. Qg4 Bd7 33. Qb4 Be7 34. Qb7 Ra8 35. Rc7 1-0

[Event "Bogota McGregor op 2nd"]
[Site "Bogota"]
[Date "2011.12.08"]
[Round "6"]
[White "Garcia, Leonardo"]
[Black "Zabaleta Rodriguez, Fernando"]
[Result "1-0"]
[WhiteElo "2017"]
[BlackElo "1837"]
[PlyCount "105"]
[EventDate "2011.12.06"]
[EventType "swiss"]
[EventRounds "10"]
[EventCountry "COL"]
[SourceTitle "CBM 145 Extra"]
[Source "ChessBase"]
[SourceDate "2012.01.03"]
[SourceVersion "1"]
[SourceVersionDate "2012.01.03"]
[SourceQuality "1"]

1. e4 d6 2. d4 e5 3. Nf3 exd4 4. Nxd4 Nf6 5. Nc3 Be7 6. Be2 0-0 7. 0-0 c6 8. a4 Nbd7 9. Nf5 Nc5 10. Nxe7+ Qxe7 11. f3 Be6 12. Bg5 Rad8 13. Qd4 Bc8 14. Bc4 Qe5 15. Qe3 Ne6 16. Bxf6 Qxf6 17. Bxe6 fxe6 18. e5 Qg6 19. Rf2 d5 20. Qxa7 Rf5 21. Qd4 Rdf8 22. f4 h5 23. a5 h4 24. h3 Qf7 25. Raf1 Qe7 26. b4 Bd7 27. Na4 Be8 28. Qb6 Bd7 29. Qxb7 Qe8 30. Nc5 R5f7 31. c3 g5 32. Nxd7 Qxd7 33. Qxd7 Rxd7 34. fxg5 Rc8 35. Rf6 d4 36. cxd4 Rxd4 37. R1f4 Rd1+ 38. Kh2 c5 39. bxc5 Rxc5 40. Rxe6 Rxa5 41. Rxh4 Re1 42. Rf4 Re2 43. h4 Raa2 44. Rg4 Kf7 45. Rf6+ Kg7 46. e6 Re1 47. h5 Raa1 48. h6+ Kh7 49. g6+ Kxh6 50. g7+ Kh5 51. g8Q Rh1+ 52. Kg3 Ra3+ 53. Rf3 1-0

[Event "Bogota McGregor op 2nd"]
[Site "Bogota"]
[Date "2011.12.08"]
[Round "5"]
[White "Gaviria Bermudez, Alejandro"]
[Black "Garcia, Leonardo"]
[Result "1-0"]
[WhiteElo "1959"]
[BlackElo "2017"]
[PlyCount "59"]
[EventDate "2011.12.06"]
[EventType "swiss"]
[EventRounds "10"]
[EventCountry "COL"]
[SourceTitle "CBM 145 Extra"]
[Source "ChessBase"]
[SourceDate "2012.01.03"]
[SourceVersion "1"]
[SourceVersionDate "2012.01.03"]
[SourceQuality "1"]

1. e4 e5 2. Nf3 f5 3. exf5 e4 4. Nd4 Nf6 5. Nc3 c5 6. Nde2 d5 7. Ng3 Bd6 8. d3 Bxg3 9. hxg3 Bxf5 10. dxe4 Qe7 11. Bg5 d4 12. Qe2 Be6 13. Bxf6 gxf6 14. Nd5 Bxd5 15. exd5 Nd7 16. 0-0-0 Qxe2 17. Bxe2 Nb6 18. c4 Nc8 19. Rh6 0-0 20. Rdh1 Rf7 21. Bd3 f5 22. R1h5 Ne7 23. d6 Nc6 24. Bxf5 Re8 25. Bxh7+ Kf8 26. Bg6 Rxf2 27. Bxe8 Kxe8 28. Rh7 d3 29. Rxb7 Rf8 30. Rhh7 1-0

[Event "EM/4/I/04 email"]
[Site "CAPA email"]
[Date "1998.??.??"]
[Round "4"]
[White "Iannuzzi Foti, Rafael"]
[Black "Garcia, Leonardo"]
[Result "1-0"]
[WhiteElo "2000"]
[BlackElo "2000"]
[PlyCount "47"]
[EventDate "1998.08.27"]
[EventType "tourn (corr)"]
[EventRounds "6"]
[EventCountry "ARG"]
[SourceTitle "Corr 2002"]
[Source "ChessBase"]
[SourceDate "2002.05.23"]
[SourceVersion "1"]
[SourceVersionDate "2002.05.23"]
[SourceQuality "1"]

1. f4 d5 2. e3 c5 3. Nf3 g6 4. Be2 Bg7 5. d3 Nf6 6. 0-0 0-0 7. Qe1 Nc6 8. c3 a6 9. Nbd2 b5 10. e4 dxe4 11. Nxe4 Nxe4 12. dxe4 e5 13. a4 b4 14. fxe5 Bg4 15. Bf4 Bxf3 16. Rd1 Qa5 17. Rxf3 Qxa4 18. Bc4 bxc3 19. Rxc3 Bxe5 20. Bxe5 Nxe5 21. b3 Qb4 22. Qe3 Rfd8 23. Bd5 Rac8 24. Qc1 1-0